Fronteras simbólico-culturales, étnicas e internacionales : los efectos en la vida de las gentes y sus sociedades /

Guardat en:
Dades bibliogràfiques
Autor principal: Alonso Meneses, Guillermo (cordinación)
Format: Llibre
Idioma:espanyol
Publicat: Tijuana, México : El Colegio de la Frontera Norte, 2016, c2016
Etiquetes: Afegir etiqueta
Sense etiquetes, Sigues el primer a etiquetar aquest registre!

MARC

LEADER 00000nam^a2200000^a^4500
001 000400480
005 20250521000000.0
009 20260310121620.043
020 |a 978-607-479-229-4 
037 |a Acervo ITESO - Biblioteca 
041 |a ESP 
082 |a 304. 8  |b ALO 
100 |a Alonso Meneses, Guillermo  |e (cordinación) 
245 1 0 |a Fronteras simbólico-culturales, étnicas e internacionales :  |b los efectos en la vida de las gentes y sus sociedades /  |c Coord. e introd. de G. Alonso Meneses. 
264 4 |a Tijuana, México :  |b El Colegio de la Frontera Norte,  |c 2016, c2016 
300 |a 267 p. 
336 |a texto  |b txt  |2 rdacontenido 
337 |a sin mediación  |b n  |2 rdamedio 
338 |a volumen  |b nc  |2 rdasoporte 
521 |a FIL 2017 EEnlace Departamento de Estudios Socioculturales 
649 |a XX 
910 |a Fondo General 
920 |a Impresos - Libros 
930 |a Colección General 
905 |a 101 
901 |a 0500295731  |b IT1  |c ACC  |i c158499  |u 20250521 
902 |a https://opac.biblio.iteso.mx/vufind/Record/000400480